000 00622nam a2200181 a 4500
001 000036706
005 20200930075903.0
008 120125s1997 es a 000 0 spa d
020 _a8449403413
040 _aDO-SdBNP
_bspa
_cBNPHU
245 0 0 _aEnciclopedia audiovisual-educativa :
_bcomputación /
_cdirección de obra Carlos Gispert ; ilustración Montserrat Marcet ;.
260 _aBarcelona :
_bOcéano Grupo Editorial,
_c1997.
300 _a160 p. :
_bil. ;
_c29 cm.
490 _aOcéano multimedia
700 1 2 _aGispert, Carlos
_911248
700 1 2 _aMarcet, Montserrat
_963001
830 0 _aOcéano multimedia
_963002
999 _c36197
_d36197